Entry Nombre personal
001 - NÚMERO DE CONTROL
- campo de control: 130783
003 - IDENTIFICADOR DE NÚMERO DE CONTROL
- campo de control: SpMaBN
005 - FECHA Y HORA DE LA ÚLTIMA TRANSACCIÓN
- campo de control: 20231228180345.0
008 - ELEMENTOS DE DATO DE LONGITUD-FIJA
- campo de control de longitud fija: 960922nn aijnnaabn a aaa
016 ## - NÚMERO DE CONTROL DE UNA AGENCIA BIBLIOGRÁFICA NACIONAL
- Número de control del registro: BNE19998388074
024 7# - IDENTIFICADOR DE OTROS ESTÁNDARES
- Número estándar o código: http://www.wikidata.org/entity/Q33125758
- Fuente: wikidata
024 7# - IDENTIFICADOR DE OTROS ESTÁNDARES
- Número estándar o código: http://viaf.org/viaf/87131364/
- Fuente: viaf
024 7# - IDENTIFICADOR DE OTROS ESTÁNDARES
- Número estándar o código: https://isni.org/isni/0000000066379413
- Fuente: isni
040 ## - FUENTE DE CATALOGACIÓN
- Centro catalogador/agencia de origen: SpMaBN
- Lengua de catalogación: spa
- Centro/agencia transcriptor: SpMaBN
- Normas de descripción: rdc
- Convención/Normas de encabezamiento de materia/tesauro: embne
046 ## - FECHAS CON CODIFICACIÓN ESPECIAL
- Fecha de nacimiento: 1836
- Fecha de la muerte: 1900
100 1# - ENCABEZAMIENTO-NOMBRE DE PERSONA
- Nombre de persona: Palacio, Eduardo de,
- Fechas asociadas al nombre: 1836?-1900
375 ## - GÉNERO/SEXO
- Género: Masculino
400 1# - TRAZADO DE VÉASE--NOMBRE DE PERSONA
- Nombre de persona: Palacio, Eduardo del,
- Fechas asociadas al nombre: 1836?-1900
400 1# - TRAZADO DE VÉASE--NOMBRE DE PERSONA
- Nombre de persona: Palacio y Huera, Eduardo de,
- Fechas asociadas al nombre: 1836?-1900
400 0# - TRAZADO DE VÉASE--NOMBRE DE PERSONA
- Nombre de persona: Sentimientos,
- Fechas asociadas al nombre: 1836?-1900
670 ## - FUENTE DE DATOS ENCONTRADOS
- Cita de la fuente: Adan y compañía, 1892
- Información encontrada: port. (Eduardo de Palacio)
670 ## - FUENTE DE DATOS ENCONTRADOS
- Cita de la fuente: Anuario taurino, 1884-
- Información encontrada: 1883, port. (Sentimientos)
670 ## - FUENTE DE DATOS ENCONTRADOS
- Cita de la fuente: Dic. de literatura española e hispanoamericana, 1993
- Información encontrada: (Palacio, Eduardo del (Málaga, ¿1836?-1900; escritor de artículos humorísticos, teatro, juguetes y comedias)
670 ## - FUENTE DE DATOS ENCONTRADOS
- Cita de la fuente: Galería de retratos, 2004
- Información encontrada: p. 224 (Eduardo del Palacio y Huera; n. en Málaga; m. en Madrid en 1900)
670 ## - FUENTE DE DATOS ENCONTRADOS
- Cita de la fuente: Espasa
- Información encontrada: (Palacio, Eduardo de. Escritor de comedias y libros. Como peridodista, escribía en revistas y artículos taurinos, y usaba el seudónimo de "Sentimientos")
